000 01107nab a2200205 i 4500
001 768714001
003 CO-MdFUSB
005 20240506121733.0
008 240503t1966 sp ||||| |||| 00| 0 spa d
040 _bspa
_cCO-MdFUSB
_dCO-MdFUSB
041 _aspa
100 _aSchreiner, Josef,
_eautor
245 3 _aEl desarrollo del "credo" israelita
_c/ Josef Schreiner
520 _aTodo el Pentateuco no es más que un claro desarrollo de la antigua fe. Pero esto no significa que el pueblo de Dios tuvo que inventar historias y extender temas a la fuerza (la peregrinación de los patriarcas con la conquista de la unión del desierto) para llenarlos de vida histórica. Los temas de la confesión de su fe, según la experiencia de Israel, no hacían más que señalar el camino a los narradores.
650 0 _aBiblia
_bPentateuco
_931
653 _aIsraelitas
773 0 _049450
_982578
_oR2510
_tRevista internacional de teología Concilium
_w(CO-MdFUSB)8
_x0210-1041
_gNúmero 20, (diciembre, 1966), páginas: 384 - 396
_qpágina: 384
942 _cANA
945 _aCatherine Arias Álvarez practicante SENA
999 _c69513
_d69513